000 00663nam a22001937a 4500
003 OSt
005 20251029065005.0
008 251029b |||||||| |||| 00| 0 eng d
020 _a978-971-93743
040 _aDWCL-Main lib
_cOC
082 _2Third edition
_aFil. 624 S684 2008
100 _aEXCEL ACADEMIC COUNCIL
245 _a1001 solved problems in engineering mathematics/
_cEXCEL ACADEMIC COUNCIL
250 _aThird edition
260 _aManila,
_bFirst Benchmark publisher inc.,
_cc2008
300 _a636 pages :
_billustrations ;
_c22cm.
650 _a1. Civil engineering- problems, exercise etc.
942 _2ddc
_cBK - FIL
_eThird edition
_kFil.
_n0
999 _c5304
_d5304